000 01286nam a22002777a 4500
001 1086
005 20231101160056.0
020 _a9789996305788
040 _aFISKH
_beng
_cFISKH
_dFISKH
082 _a650.14
100 _aVanthary, Oum
245 _aសៀវភៅរូបភាពមុខរបរ​ /
246 _aPicture book career
250 _a7th Published in August 2022.
260 _aPhnom Penh :
_bSipar,
_c2022.
300 _a22 unnumbered pages :
_bcolor illustrations ;
_c20 x​ 21 cm.
505 _aG
520 _aសៀវភៅនេះរៀបរាប់អំពី សាលារៀន មន្ទីពេទ្យ ផ្លូវ សំណង់ អាជីវកម្ម សិប្បកម្ម សិល្បៈ សេវាកម្ម កីឡា និង ជនបទ។
520 _aBasic vocabulary is introduced to children with paintings, pictures of a school, hospital, roads, construction, business, handicraft, service, sport, and countryside.
521 _a350
_bLexile estimate
521 _aG
_bRaz-Plus
650 _aមុខរបរ
_vការសាងសង់
_xសាលារៀន
650 _aCareer
_vConstruction
_xSchool
700 _aRatha, Ouk
_cillustrator
942 _2ddc
_cBK
_n0
999 _c1086
_d1086